Laboratory manual to accompany basic medical microbiology

Saved in:
Bibliografiske detaljer
Main Authors: Boyd, Robert F (Author), Hoerl, Bryan G (Author)
Format: Bog
Sprog:engelsk
Udgivet: Boston Little Brown 1981
Udgivelse:2a. ed
Fag:
Tags: Tilføj Tag
Ingen Tags, Vær først til at tagge denne postø!

MARC

LEADER 00000nam a2200000 a 4500
001 UCX9731
003 CL-VaPUC
008 940623e19810000US |||||||||||||||||eng|d
082 0 4 |a 576  |b BOY  |2 21 
100 0 |a Boyd, Robert F  |e author  |9 327204 
700 0 |a Hoerl, Bryan G  |e author  |9 327205 
245 1 0 |a Laboratory manual to accompany basic medical microbiology 
250 |a 2a. ed 
300 |a 182 p 
942 |c BK 
945 |d 19940623 00:00:00  |a mfernand 
260 |a Boston  |b Little Brown  |c 1981 
650 0 |a Microbiología   |9 259706 
650 0 |a Microbiología médica  |9 326614 
583 |a last modification  |c 19940623 00:00:00  |k Rodrigo Vera 
999 |c 228892  |d 228890 
952 |0 0  |1 0  |4 0  |6 576_000000000000000_BOY_1981  |7 0  |8 A  |9 229378  |a BIBALI  |b BIBALI  |c GEN  |d 2019-11-15  |i 2989654  |o 576 BOY 1981  |p 2989654  |r 2025-01-20  |w 2019-11-15  |y BK  |k ALI